Doanh nghiệp trước ngưỡng cửa hội nhập
Enregistré dans:
| Auteur principal: | |
|---|---|
| Format: | Livre |
| Langue: | Vietnamese |
| Publié: |
Lao động - Xã hội
2003
|
| Tags: |
Ajouter un tag
Pas de tags, Soyez le premier à ajouter un tag!
|
| Thư viện lưu trữ: | Mạng thư viện Đại học Đà Nẵng |
|---|
| LEADER | 00650nam a2200253 4500 | ||
|---|---|---|---|
| 001 | 000020393 | ||
| 003 | 16838 | ||
| 005 | 20150317090307.0 | ||
| 008 | 150317s2003 viesd | ||
| 020 | |c 44500 | ||
| 041 | 0 | |a vie | |
| 082 | 1 | 4 | |a 337.597 |b VU-Đ |
| 100 | 1 | |a Vũ Vân Đình | |
| 245 | 1 | 0 | |a Doanh nghiệp trước ngưỡng cửa hội nhập |c Vũ Vân Đình |
| 260 | |b Lao động - Xã hội |c 2003 | ||
| 300 | |a tr. |c cm. | ||
| OWN | |a LSP | ||
| 999 | |a From the UDN01 | ||
| TYP | |a Monograph | ||
| TYP | |a Printed language | ||
| 980 | |a Mạng thư viện Đại học Đà Nẵng | ||